|
|
|
|
| LEADER |
00000nab a2200000 ar4500 |
| 001 |
vtls008936397 |
| 003 |
SK-MaSNL |
| 005 |
20260303203111.0 |
| 008 |
070117c2004 xo |r|||||||||000 b|slo |
| 015 |
|
|
|a SNBRA2007/01
|2 snkbucl
|
| 038 |
|
|
|a SNKBUCL
|
| 040 |
|
|
|a SNKBUCL
|b slo
|c SNKBUCL
|e AACR2
|
| 041 |
0 |
|
|a slo
|
| 044 |
|
|
|a xo
|c SK
|
| 080 |
|
|
|a 792.071.2
|2 2001
|
| 080 |
|
|
|a 791.44.071.2
|2 2001
|
| 080 |
|
|
|a 929 Valach, Gustáv
|2 2001
|
| 100 |
1 |
|
|a Kret, Anton,
|d 1930-2019
|4 aut
|9 102081
|
| 245 |
1 |
0 |
|a Päť súčiastok herectva Gustáva Valacha
|b (hlas, zjav, mimika, gesto, pohyb)
|c Anton Kret
|
| 300 |
|
|
|b Fotogr.
|
| 600 |
1 |
7 |
|a Valach, Gustáv,
|d 1921-2002
|2 snkbucl
|9 102448
|
| 650 |
0 |
7 |
|a herectvo
|2 snkbucl
|9 3342
|
| 773 |
0 |
|
|t Gustáv Valach
|d Bratislava : Združenie slovenských divadelných kritikov a teoretikov ; Kabinet divadla a filmu SAV, 2004
|g S. 49-52
|z 8096926608
|
| 852 |
|
|
|a SNK
|b KIS3GCP
|
| 958 |
|
|
|a BX
|
| 999 |
|
|
|c 2183613
|d 2185543
|